Datum a čas kvízu

28 Celkem bodů Celkový počet nahraných bodů na tomto kvízu bez doplňovacích otázek.
5. Pořadí na kvízu Konečné umístění týmu na tomto kvízu.

Zaznamenané odpovědi

# Otázka Odpověď Body Výsledky
1. Koronavirus dorazil i do Posla... Karla Šlechtová 1
2. Jistá arabská země minulý týde... Spojené arabské emiráty 0
3. Minulý týden byl odhalen trail... Batman 1
4. Jistá soukromá dopravní společ... Leo Express 1
5. V sobotu začal nejslavnější cy... Nice 1
6. V tomto tématu se podíváme na... (druhá) punská válka 1
7. V roce 1792 u Valmy porazila f... Prusko 0
8. Jak se jmenoval americký gener... Robert Edward Lee 0
9. V počáteční fázi první světové... Marna/La Marne 0
10. Kniha Černý jestřáb sestřelen... v Somálsku 0